[Event "49th Rilton Cup 2019-20"]
[Site "Stockholm"]
[Date "2020.01.04"]
[Round "8.5"]
[White "Keinanen, Toivo"]
[Black "Urkedal, Frode Olav Olsen"]
[Result "1/2-1/2"]
[WhiteElo "2447"]
[BlackElo "2545"]
[Annotator "ChessBase"]
[PlyCount "79"]
[EventDate "2019.12.27"]
[EventType "swiss"]
[EventCountry "SWE"]
[SourceTitle "playchess.com"]
[Source "ChessBase"]
[SourceQuality "1"]
[TimeControl "40/5400+30:1800+30"]

1. c4 {[%emt 0:00:00]} Nf6 {[%emt 0:03:49]} 2. g3 {[%emt 0:00:00]} e6 {[%emt 0:00:20]} 3. Bg2 {[%emt 0:00:00]} d5 {[%emt 0:00:05]} 4. Nf3 {[%emt 0:00:00]} Be7 {[%emt 0:00:41]} 5. O-O {[%emt 0:00:02]} O-O {[%emt 0:00:06]} 6. b3 {[%emt 0:00:01]} d4 {[%emt 0:00:08]} 7. e3 {[%emt 0:06:37]} c5 {[%emt 0:00:16]} 8. exd4 {[%emt 0:06:40]} cxd4 {[%emt 0:00:24]} 9. d3 {[%emt 0:05:35]} Nc6 {[%emt 0:00:24]} 10. Bg5 {[%emt 0:00:29]} h6 {[%emt 0:02:05]} 11. Bxf6 {[%emt 0:00:41]} Bxf6 {[%emt 0:00:06]} 12. a3 {[%emt 0:01:52]} a5 {[%emt 0:00:52]} 13. Nbd2 {[%emt 0:00:35]} Be7 {[%emt 0:03:36]} 14. Qc2 {[%emt 0:01:33]} Bd7 {[%emt 0:00:40]} 15. Qb2 {[%emt 0:19:27]} e5 {[%emt 0:03:02]} 16. Rfe1 {[%emt 0:03:24]} Qc7 {[%emt 0:01:06]} 17. Rac1 {[%emt 0:03:33]} b6 {[%emt 0:05:41]} 18. Re2 {[%emt 0:05:46]} Rfe8 {[%emt 0:19:59]} 19. c5 {[%emt 0:07:25]} bxc5 {[%emt 0:00:58]} 20. Ne4 {[%emt 0:00:13]} Rab8 {[%emt 0:18:13]} 21. Nxc5 {[%emt 0:03:49]} Bxc5 {[%emt 0:08:06]} 22. Rxc5 {[%emt 0:00:01]} Qb6 {[%emt 0:00:42]} 23. Rec2 {[%emt 0:01:59]} e4 {[%emt 0:08:05]} 24. dxe4 {[%emt 0:04:21]} Rxe4 {[%emt 0:02:12]} 25. Rd5 {[%emt 0:03:28]} Be8 {[%emt 0:04:17]} 26. Rc1 {[%emt 0:02:37]} Qxb3 {[%emt 0:01:55]} 27. Qxb3 {[%emt 0:05:07]} Rxb3 {[%emt 0:00:04]} 28. Rdc5 {[%emt 0:01:40]} Rxa3 {[%emt 0:09:40]} 29. Ne1 {[%emt 0:15:19]} Re5 {[%emt 0:00:05]} 30. Bxc6 {[%emt 0:01:09]} Rxc5 {[%emt 0:00:07]} 31. Rxc5 {[%emt 0:00:01]} Ra1 {[%emt 0:00:10]} 32. Bxe8 {[%emt 0:01:54]} Rxe1+ 33. Kg2 Rxe8 {[%emt 0:00:28]} 34. Rxa5 {[%emt 0:00:02]} Rd8 {[%emt 0:00:42]} 35. Kf3 {[%emt 0:00:59]} g5 {[%emt 0:04:21]} 36. Ke4 {[%emt 0:00:58]} d3 {[%emt 0:00:35]} 37. Ra1 {[%emt 0:00:08]} Kg7 {[%emt 0:00:42]} 38. Rd1 {[%emt 0:00:33]} Kg6 {[%emt 0:02:33]} 39. Rxd3 {[%emt 0:00:54]} f5+ {[%emt 0:00:38]} 40. Ke3 {[%emt 0:00:01]} 1/2-1/2

[Event "49th Rilton Cup 2019-20"]
[Site "Stockholm"]
[Date "2020.01.04"]
[Round "8.6"]
[White "Hillarp Persson, Tiger"]
[Black "Dhulipalla Bala Chandra Prasad"]
[Result "1-0"]
[WhiteElo "2537"]
[BlackElo "2414"]
[Annotator "TA"]
[PlyCount "117"]
[EventDate "2019.12.27"]
[EventType "swiss"]
[EventCountry "SWE"]
[SourceTitle "playchess.com"]
[Source "ChessBase"]
[SourceQuality "1"]

{[%evp 23,117,-22,-15,-15,-14,-23,-15,-22,-19,-16,-17,-16,-15,-20,-12,-23,0,0,0,4,24,-20,79,84,88,86,116,97,188,181,180,143,173,172,275,144,141,42,72,63,78,75,127,108,261,267,262,261,264,264,264,264,228,251,243,243,29993,237,233,233,235,235,210,204,203,222,206,198,198,198,196,198,198,198,192,191,190,165,734,422,5700,5112,5683,4239,12679,3568,12298,1608,1050,839,5716,5864,29967,5620,29975,29974]} 1. Nf3 d5 2. d4 c6 3. c4 Nf6 4. Nc3 dxc4 5. e3 b5 6. a4 b4 7. Na2 e6 8. Bxc4 Be7 9. O-O O-O 10. Bd2 a5 11. Nc1 Nbd7 12. Nb3 Bb7 13. Qe2 {D15: Slav Defence: 4 Nc3 a6 and gambit lines after 4 Nc3 dxc4} c5 14. Rfc1 Qb6 15. Be1 {The position is equal.} Rfd8 16. Bb5 cxd4 17. Nfxd4 Nc5 18. Nxc5 Bxc5 19. Nb3 Be7 20. f3 e5 {[#]} 21. Bg3 $146 Bd5 22. Nd2 Qe6 (22... Bc5 $11) 23. e4 $36 {[%mdl 2048] Black is under strong pressure.} Bb7 24. Bf2 Nh5 25. g3 $1 Bg5 (25... Qg6 $16) 26. Rd1 $1 $18 Bxd2 27. Rxd2 Rxd2 28. Qxd2 Ba6 (28... Nf6 {was called for.} 29. Rc1 Ne8) 29. Bxa6 (29. Rc1 $18 {And now Rc6 would win.} Bxb5 30. axb5) 29... Qxa6 $16 30. Qg5 (30. Rc1 $1 $16) 30... Nf6 $14 31. Qxe5 Qe2 32. Kg2 h6 {[#]} (32... Qc2 $142) 33. Rc1 $1 $16 Rd8 $2 (33... h5 $16) 34. Qxa5 $18 Rd2 35. Rc8+ Kh7 36. Qf5+ g6 37. Qxf6 {[%cal Rf6f7]} Qxf2+ {[%mdl 4096] Endgame KQR-KQR} 38. Kh3 {[%cal Rf6f7]} Qxh2+ 39. Kg4 {[%cal Rf6f7]} Qh5+ 40. Kf4 {[%cal Rf6f7]} Qg5+ 41. Qxg5 hxg5+ 42. Kxg5 {KR-KR} Kg7 43. e5 Rxb2 44. Rb8 b3 45. f4 Ra2 {[#]} 46. e6 $1 {[%cal Re6e7] Threatens to win with e7.} f6+ 47. Kg4 {Strongly threatening e7.} Re2 48. Rxb3 {Rb7+ is the strong threat.} Rxe6 49. Ra3 Ra6 50. Kf3 Kh6 $2 (50... Kf8 51. Ke4 Ke7) 51. a5 f5 (51... g5 $142 52. fxg5+ fxg5) 52. Ke3 g5 53. fxg5+ Kxg5 54. Ra4 (54. Kd3 $142 f4 55. gxf4+ Kxf4 56. Kc4) 54... Kh5 55. Kf4 (55. Kd4 $142 Kg5 56. Kc5) 55... Kg6 56. Ke5 Kg5 57. Kd5 Kh5 58. Kc5 Rg6 59. a6 {Accuracy: White = 69%, Black = 41%.} 1-0

[Event "49th Rilton Cup 2019-20"]
[Site "Stockholm"]
[Date "2020.01.04"]
[Round "8.7"]
[White "Ionov, Sergey"]
[Black "Rathanvel, V S"]
[Result "1/2-1/2"]
[WhiteElo "2521"]
[BlackElo "2411"]
[Annotator "ChessBase"]
[PlyCount "95"]
[EventDate "2019.12.27"]
[EventType "swiss"]
[EventCountry "SWE"]
[SourceTitle "playchess.com"]
[Source "ChessBase"]
[SourceQuality "1"]
[TimeControl "40/5400+30:1800+30"]

1. Nf3 {[%emt 0:00:00]} c5 {[%emt 0:01:38]} 2. c4 {[%emt 0:01:16]} Nc6 {[%emt 0:01:09]} 3. d4 {[%emt 0:02:30]} cxd4 {[%emt 0:00:35]} 4. Nxd4 {[%emt 0:00:04]} g6 {[%emt 0:12:16]} 5. e4 {[%emt 0:02:26]} Nf6 {[%emt 0:00:08]} 6. Nc3 {[%emt 0:00:07]} d6 {[%emt 0:00:08]} 7. f3 {[%emt 0:04:20]} Bg7 {[%emt 0:00:58]} 8. Be3 {[%emt 0:00:44]} O-O {[%emt 0:01:50]} 9. Qd2 {[%emt 0:01:19]} Nxd4 {[%emt 0:08:53]} 10. Bxd4 {[%emt 0:00:35]} a5 {[%emt 0:03:25]} 11. b3 {[%emt 0:13:48]} Bd7 {[%emt 0:00:27]} 12. Be2 {[%emt 0:00:42]} Bc6 {[%emt 0:04:45]} 13. O-O {[%emt 0:01:43]} Nd7 {[%emt 0:00:09]} 14. Be3 {[%emt 0:00:19]} Nc5 {[%emt 0:00:14]} 15. Rab1 {[%emt 0:02:12]} Qb6 {[%emt 0:00:09]} 16. Rfc1 {[%emt 0:00:44]} Qb4 {[%emt 0:24:01]} 17. Rc2 {[%emt 0:12:53]} Ne6 {[%emt 0:18:24]} 18. Rd1 {[%emt 0:07:45]} Rfc8 {[%emt 0:02:18]} 19. Nd5 {[%emt 0:12:28]} Bxd5 {[%emt 0:03:16]} 20. exd5 {[%emt 0:01:35]} Nc5 {[%emt 0:01:43]} 21. Rb1 {[%emt 0:00:35]} Qxd2 {[%emt 0:03:17]} 22. Bxd2 {[%emt 0:01:38]} Nd7 {[%emt 0:03:06]} 23. a3 {[%emt 0:06:33]} b5 {[%emt 0:01:41]} 24. Rcc1 {[%emt 0:01:17]} bxc4 {[%emt 0:01:25]} 25. Rxc4 {[%emt 0:00:22]} Rxc4 {[%emt 0:01:00]} 26. Bxc4 {[%emt 0:00:53]} Bd4+ {[%emt 0:03:54]} 27. Kf1 {[%emt 0:00:07]} Bc5 {[%emt 0:01:51]} 28. Bb5 {[%emt 0:06:35]} Nb6 {[%emt 0:00:32]} 29. Bc6 {[%emt 0:00:41]} Rb8 {[%emt 0:00:13]} 30. Ra1 {[%emt 0:07:00]} Nc8 {[%emt 0:00:04]} 31. b4 {[%emt 0:01:00]} Bd4 {[%emt 0:00:45]} 32. Ra2 {[%emt 0:01:12]} axb4 {[%emt 0:00:09]} 33. axb4 {[%emt 0:00:05]} Nb6 {[%emt 0:01:00]} 34. Ke2 {[%emt 0:00:35]} e6 {[%emt 0:00:50]} 35. Kd3 {[%emt 0:01:45]} Bg1 {[%emt 0:00:18]} 36. dxe6 {[%emt 0:05:50]} fxe6 {[%emt 0:00:02]} 37. h3 {[%emt 0:00:48]} Nc8 {[%emt 0:01:00]} 38. Ra8 {[%emt 0:03:48]} Rxa8 39. Bxa8 {[%emt 0:00:01]} Kf7 {[%emt 0:00:52]} 40. Bc6 {[%emt 0:00:42]} Nb6 {[%emt 0:00:17]} 41. Bc3 {[%emt 0:30:58]} e5 {[%emt 0:30:39]} 42. Bd2 {[%emt 0:00:00]} d5 {[%emt 0:00:00]} 43. g4 {[%emt 0:00:00]} Ke6 {[%emt 0:00:00]} 44. h4 {[%emt 0:00:00]} Nc4 {[%emt 0:00:00]} 45. Bc3 {[%emt 0:00:00]} h5 {[%emt 0:00:00]} 46. gxh5 {[%emt 0:00:00]} gxh5 {[%emt 0:00:00]} 47. Be8 {[%emt 0:00:00]} Bf2 {[%emt 0:00:00]} 48. Bxh5 1/2-1/2

[Event "49th Rilton Cup 2019-20"]
[Site "Stockholm"]
[Date "2020.01.04"]
[Round "8.8"]
[White "Hauge, Lars Oskar"]
[Black "Pantzar, Milton"]
[Result "1/2-1/2"]
[WhiteElo "2504"]
[BlackElo "2410"]
[Annotator "ChessBase"]
[PlyCount "141"]
[EventDate "2019.12.27"]
[EventType "swiss"]
[EventCountry "SWE"]
[SourceTitle "playchess.com"]
[Source "ChessBase"]
[SourceQuality "1"]
[TimeControl "40/5400+30:1800+30"]

1. e4 {[%emt 0:00:00]} e5 {[%emt 0:00:00]} 2. Nc3 {[%emt 0:00:00]} Nf6 {[%emt 0:00:15]} 3. Bc4 {[%emt 0:00:00]} Bc5 {[%emt 0:05:35]} 4. d3 {[%emt 0:00:06]} c6 {[%emt 0:03:08]} 5. f4 {[%emt 0:00:58]} d5 {[%emt 0:03:31]} 6. exd5 {[%emt 0:00:37]} Ng4 {[%emt 0:02:12]} 7. Nf3 {[%emt 0:00:07]} Nf2 {[%emt 0:05:09]} 8. Qe2 {[%emt 0:00:18]} Nxh1 {[%emt 0:01:11]} 9. Qxe5+ {[%emt 0:00:43]} Qe7 {[%emt 0:34:39]} 10. Ne4 {[%emt 0:00:50]} f6 {[%emt 0:01:30]} 11. Qxe7+ {[%emt 0:05:24]} Bxe7 {[%emt 0:00:06]} 12. Be3 {[%emt 0:01:10]} cxd5 {[%emt 0:02:52]} 13. Bxd5 {[%emt 0:00:25]} Nc6 {[%emt 0:00:06]} 14. Ke2 {[%emt 0:11:58]} Bg4 {[%emt 0:02:35]} 15. Rxh1 {[%emt 0:09:19]} O-O-O {[%emt 0:04:28]} 16. Bxc6 {[%emt 0:00:45]} bxc6 {[%emt 0:00:06]} 17. Kf2 {[%emt 0:07:51]} Kb7 {[%emt 0:02:15]} 18. Nfd2 {[%emt 0:00:37]} Ka8 {[%emt 0:08:55]} 19. Nb3 {[%emt 0:05:24]} h5 {[%emt 0:03:56]} 20. Bc5 {[%emt 0:02:09]} Bxc5+ {[%emt 0:01:51]} 21. Nbxc5 {[%emt 0:00:18]} h4 {[%emt 0:00:31]} 22. h3 {[%emt 0:00:50]} Bc8 {[%emt 0:02:08]} 23. a3 {[%emt 0:04:50]} Rhf8 {[%emt 0:01:23]} 24. Rf1 {[%emt 0:05:19]} g5 {[%emt 0:04:58]} 25. Ke3 {[%emt 0:00:37]} Rfe8 {[%emt 0:03:14]} 26. Kd2 {[%emt 0:01:25]} gxf4 {[%emt 0:00:56]} 27. Nxf6 {[%emt 0:05:01]} Re5 {[%emt 0:00:26]} 28. Nfe4 {[%emt 0:06:46]} Rf8 {[%emt 0:01:27]} 29. Ke2 {[%emt 0:06:41]} Re7 {[%emt 0:00:27]} 30. Rf2 {[%emt 0:02:55]} Rg7 {[%emt 0:01:04]} 31. Nd2 {[%emt 0:09:39]} Rfg8 {[%emt 0:01:27]} 32. Rxf4 {[%emt 0:00:10]} Rxg2+ {[%emt 0:00:05]} 33. Ke3 {[%emt 0:00:09]} R2g3+ {[%emt 0:01:18]} 34. Nf3 {[%emt 0:04:51]} Rxh3 {[%emt 0:01:49]} 35. Rxh4 {[%emt 0:00:51]} Rg2 {[%emt 0:01:14]} 36. Rxh3 {[%emt 0:02:29]} Bxh3 {[%emt 0:00:02]} 37. Nd4 {[%emt 0:00:24]} Rg6 {[%emt 0:01:07]} 38. Kd2 {[%emt 0:01:00]} Kb8 {[%emt 0:00:17]} 39. b4 {[%emt 0:01:29]} Kc7 {[%emt 0:00:24]} 40. a4 {[%emt 0:02:44]} Bc8 {[%emt 0:00:24]} 41. Kc3 {[%emt 0:32:01]} Rh6 {[%emt 0:03:10]} 42. Ncb3 {[%emt 0:00:00]} Rh4 {[%emt 0:02:14]} 43. Na5 {[%emt 0:00:00]} Bd7 {[%emt 0:00:33]} 44. Nab3 {[%emt 0:00:00]} Bc8 {[%emt 0:00:43]} 45. Nd2 {[%emt 0:00:00]} Rh5 {[%emt 0:01:07]} 46. N4b3 {[%emt 0:00:00]} Rh1 {[%emt 0:01:36]} 47. Nf3 {[%emt 0:00:00]} Rh5 {[%emt 0:00:53]} 48. Kd4 {[%emt 0:00:00]} Rd5+ {[%emt 0:02:37]} 49. Kc3 {[%emt 0:00:00]} Rh5 {[%emt 0:00:10]} 50. a5 {[%emt 0:00:00]} Bg4 {[%emt 0:01:13]} 51. Nfd4 {[%emt 0:00:00]} Bc8 {[%emt 0:01:48]} 52. Nc5 {[%emt 0:00:00]} Rh4 {[%emt 0:00:55]} 53. Nf3 {[%emt 0:00:00]} Rh3 {[%emt 0:01:17]} 54. Ng5 {[%emt 0:00:00]} Rh2 {[%emt 0:01:04]} 55. Kb3 {[%emt 0:00:00]} Bg4 {[%emt 0:01:21]} 56. c4 {[%emt 0:00:00]} Rh5 {[%emt 0:01:31]} 57. Nge4 {[%emt 0:00:00]} Rh8 {[%emt 0:01:04]} 58. Kc3 {[%emt 0:00:00]} Bc8 {[%emt 0:00:30]} 59. Nd2 {[%emt 0:00:00]} Rf8 {[%emt 0:00:55]} 60. Ndb3 {[%emt 0:00:00]} Rh8 {[%emt 0:00:06]} 61. Nd4 {[%emt 0:00:00]} Rh5 {[%emt 0:00:31]} 62. Ne4 {[%emt 0:00:00]} Rh6 {[%emt 0:02:24]} 63. Nf3 {[%emt 0:00:00]} Bf5 {[%emt 0:00:51]} 64. Nc5 {[%emt 0:00:00]} Bc8 {[%emt 0:00:17]} 65. Nd4 {[%emt 0:00:00]} Rh5 {[%emt 0:00:06]} 66. Ne4 {[%emt 0:00:00]} Rh6 {[%emt 0:00:15]} 67. b5 {[%emt 0:00:00]} Bd7 {[%emt 0:02:49]} 68. Nc5 {[%emt 0:00:00]} cxb5 {[%emt 0:00:51]} 69. cxb5 {[%emt 0:00:00]} Be8 {[%emt 0:01:22]} 70. Ne4 {[%emt 0:01:10]} Rh1 {[%emt 0:01:22]} 71. Nd2 {[%emt 0:02:50]} 1/2-1/2

[Event "49th Rilton Cup 2019-20"]
[Site "Stockholm"]
[Date "2020.01.04"]
[Round "8.9"]
[White "Quesada Perez, Luis Ernesto"]
[Black "Kaasen, Tor Fredrik"]
[Result "1-0"]
[WhiteElo "2499"]
[BlackElo "2385"]
[Annotator "RC"]
[PlyCount "131"]
[EventDate "2019.12.27"]
[EventType "swiss"]
[EventCountry "SWE"]
[SourceTitle "playchess.com"]
[Source "ChessBase"]
[SourceQuality "1"]
[TimeControl "40/5400+30:1800+30"]

1. d4 {[%emt 0:00:00]} Nf6 {[%emt 0:01:48]} 2. c4 {[%emt 0:00:00]} e6 {[%emt 0:00:28]} 3. Nc3 {[%emt 0:00:00]} Bb4 {[%emt 0:00:18]} 4. Nf3 {[%emt 0:00:03]} d5 {[%emt 0:01:42]} 5. Qa4+ {[%emt 0:00:10]} Nc6 {[%emt 0:00:08]} 6. Ne5 {[%emt 0:00:05]} Bd7 {[%emt 0:03:01]} 7. Nxd7 {[%emt 0:00:17]} Nxd7 {[%emt 0:01:57]} 8. cxd5 {[%emt 0:03:53]} Nb6 {[%emt 0:02:31]} 9. Qb5 {[%emt 0:00:01]} Nxd5 {[%emt 0:11:45]} 10. Bd2 {[%emt 0:00:41]} O-O {[%emt 0:02:32]} 11. e3 {[%emt 0:00:09]} a6 {[%emt 0:01:48]} 12. Qd3 {[%emt 0:04:51]} e5 {[%emt 0:06:38]} 13. dxe5 {[%emt 0:00:45]} Nxe5 {[%emt 0:01:34]} 14. Qxd5 {[%emt 0:01:53]} Qxd5 {[%emt 0:00:18]} 15. Nxd5 {[%emt 0:00:04]} Bxd2+ {[%emt 0:00:07]} 16. Kxd2 {[%emt 0:00:12]} Rad8 {[%emt 0:00:19]} 17. e4 {[%emt 0:20:22]} c6 {[%emt 0:00:19]} 18. f4 {[%emt 0:01:38]} Ng4 {[%emt 0:05:17]} 19. Be2 {[%emt 0:13:24]} Nf6 {[%emt 0:07:54]} 20. Bf3 {[%emt 0:05:19]} Rfe8 {[%emt 0:04:25]} 21. Rhe1 {[%emt 0:03:35]} cxd5 {[%emt 0:02:09]} 22. exd5 {[%emt 0:00:14]} Rxe1 {[%emt 0:02:22]} 23. Kxe1 {[%emt 0:01:55]} Nxd5 {[%emt 0:00:42]} 24. Rd1 {[%emt 0:02:15]} Re8+ {[%emt 0:02:47]} 25. Kf2 {[%emt 0:00:02]} Nxf4 {[%emt 0:00:52]} 26. Bxb7 {[%emt 0:00:10]} Re2+ {[%emt 0:04:55]} 27. Kf1 {[%emt 0:02:02]} g5 {[%emt 0:02:54]} 28. Rb1 {[%emt 0:02:27]} Re6 {[%emt 0:04:41]} 29. b4 {[%emt 0:09:04]} Nd3 {[%emt 0:05:54]} 30. a3 {[%emt 0:00:53]} Kg7 {[%emt 0:05:03]} 31. Rd1 {[%emt 0:03:23]} Ne5 {[%emt 0:05:07]} 32. Rd4 {[%emt 0:06:40]} f5 {[%emt 0:01:55]} 33. h3 {[%emt 0:01:09]} Kf6 {[%emt 0:00:34]} 34. g4 {[%emt 0:07:41]} Rb6 {[%emt 0:03:18]} 35. Bg2 {[%emt 0:00:56]} fxg4 {[%emt 0:03:35]} 36. hxg4 {[%emt 0:00:02]} Ke7 {[%emt 0:00:32]} 37. Ke2 {[%emt 0:03:52]} Rd6 {[%emt 0:02:01]} 38. Re4 {[%emt 0:00:33]} Kf6 {[%emt 0:00:52]} 39. a4 {[%emt 0:00:58]} Nd3 {[%emt 0:01:45]} 40. Bf1 {[%emt 0:01:49]} Ne5 {[%emt 0:02:20]} 41. Ke3 {[%emt 0:31:00]} Ke6 {[%emt 0:02:28]} 42. a5 {[%emt 0:00:00]} Kd5 {[%emt 0:03:31]} 43. Be2 {[%emt 0:00:00]} Re6 {[%emt 0:04:03]} 44. Rd4+ {[%emt 0:00:00]} Kc6 {[%emt 0:00:05]} 45. Kd2 {[%emt 0:00:00]} Kc7 {[%emt 0:02:54]} 46. Re4 {[%emt 0:00:00]} Rd6+ {[%emt 0:03:15]} 47. Kc3 {[%emt 0:00:00]} Ng6 {[%emt 0:00:26]} 48. Bc4 {[%emt 0:00:00]} Rf6 {[%emt 0:01:16]} 49. Kb3 {[%emt 0:00:00]} Rf3+ {[%emt 0:04:36]} 50. Ka4 {[%emt 0:00:00]} Rf4 {[%emt 0:02:43]} 51. Rxf4 {[%emt 0:00:00]} gxf4 {[%emt 0:00:05]} 52. Bxa6 {[%emt 0:00:00]} Ne5 {[%emt 0:00:24]} 53. b5 {[%emt 0:05:48]} Nxg4 {[%emt 0:03:53]} 54. b6+ {[%emt 0:00:08]} Kc6 {[%emt 0:02:47]} 55. Bb5+ {[%emt 0:00:44]} Kb7 {[%emt 0:00:26]} 56. Be2 {[%emt 0:00:29]} Ne5 {[%emt 0:01:32]} 57. Kb5 {[%emt 0:00:07]} f3 {[%emt 0:00:16]} 58. a6+ {[%emt 0:00:07]} Kb8 {[%emt 0:00:30]} 59. Bd1 {[%emt 0:03:39]} f2 {[%emt 0:02:27]} 60. Be2 {[%emt 0:00:11]} Kc8 {[%emt 0:01:22]} 61. Bf1 {[%emt 0:00:51]} Nf3 {[%emt 0:00:42]} 62. a7 {[%emt 0:00:14]} Kb7 {[%emt 0:01:39]} 63. Bg2 {[%emt 0:00:09]} f1=Q+ {[%emt 0:00:27]} 64. Bxf1 {[%emt 0:00:07]} Nd4+ {[%emt 0:00:09]} 65. Kc5 {[%emt 0:00:07]} Ne6+ {[%emt 0:00:34]} 66. Kd6 {[%emt 0:00:15]} 1-0

[Event "49th Rilton Cup 2019-20"]
[Site "Stockholm"]
[Date "2020.01.04"]
[Round "8.10"]
[White "Schekachikhin, Maksim"]
[Black "Miezis, Normunds"]
[Result "1/2-1/2"]
[WhiteElo "2389"]
[BlackElo "2486"]
[Annotator "TA"]
[PlyCount "132"]
[EventDate "2019.12.27"]
[EventType "swiss"]
[EventCountry "SWE"]
[SourceTitle "playchess.com"]
[Source "ChessBase"]
[SourceQuality "1"]

{[%evp 16,132,64,55,97,106,92,107,100,75,77,84,166,124,176,144,332,329,309,301,332,332,322,228,248,181,175,187,179,186,317,335,381,158,222,164,236,179,215,195,204,145,143,82,89,64,81,69,70,72,75,64,74,32,36,23,49,28,35,35,33,31,40,40,42,16,16,13,37,8,36,0,0,0,0,0,27,26,26,26,26,27,27,0,26,26,26,26,26,26,27,39,25,0,18,7,7,7,10,0,19,7,7,7,7,7,7,0,0,0,0,0,0,0,0,0,0,0,0]} 1. d4 Nf6 2. c4 e6 3. Nc3 Bb4 4. Qc2 c5 5. dxc5 Nc6 6. Nf3 Bxc5 7. Bg5 h6 8. Bh4 g5 9. Bg3 a6 {E38: Nimzo-Indian: Classical: 4...c5} (9... Nh5 10. e3 b6 11. O-O-O Nxg3 12. hxg3 Bb7 13. a3 Be7 14. Ne4 f5 15. Qc3 Rf8 16. Nd6+ Bxd6 17. Rxd6 {1-0 (44) Martinovic,S (2517)-Bayer,B (2443) Austria 2015}) 10. e3 Be7 $146 ({Predecessor:} 10... Qe7 11. a3 d6 12. Rd1 e5 13. Nd5 Nxd5 14. cxd5 Nd8 15. Bd3 Bd7 16. b4 Ba7 17. Bf5 {1-0 (62) Eibelshaeuser,S (2026)-Held,H (1999) Gladenbach 2011}) 11. Rd1 Qa5 {White is better.} 12. Be2 b5 13. Nd2 Nb4 (13... Bb7 $16 {might work better.}) 14. Qb1 Bb7 (14... Qb6 $16) 15. O-O (15. cxb5 $6 axb5 16. Nxb5 Nbd5 $16) 15... Kf8 $2 (15... Nc6 $16 16. cxb5 axb5) 16. a3 $18 (16. cxb5 axb5 17. a3 (17. Bxb5 Nxa2 18. Be5 Nxc3 $16) 17... Nbd5 $16) 16... Nc6 17. Nde4 (17. cxb5 $6 axb5 18. Nxb5 d5 $18) 17... Ne8 18. Rxd7 (18. cxb5 axb5 19. Rxd7 Ba6 $18) 18... Bc8 19. Rd2 (19. cxb5 Bxd7 20. bxc6 Bxc6 $11) 19... bxc4 20. Nd6 Nxd6 21. Bxd6 Bxd6 22. Rxd6 Ne7 (22... Bb7 $142 23. Qe4 (23. Bxc4 Ne5 $16) 23... Rc8) 23. Qe4 (23. Bxc4 Qc7 $18) 23... Rb8 24. Rd2 (24. Qd4 $18 {and White stays clearly on top.} e5 25. Qxc4) 24... Kg7 (24... Qc7 $16 {is a better defense.} 25. Qd4 (25. Bxc4 Kg7 $16) (25. Qxc4 Qxc4 26. Bxc4 Bb7 $16) 25... e5 26. Qxc4 Qxc4 27. Bxc4 Kg7) 25. Qxc4 Ng6 (25... Qe5 $142 26. Bf3 a5) 26. Bh5 Ne5 27. Qe2 Qb6 28. Kh1 a5 {[#] ...Ba6 is the strong threat.} 29. Qd1 ({Better is} 29. f4 Ng6 30. Bxg6 (30. fxg5 hxg5 31. Ne4 f5 $16) 30... Kxg6 31. Rfd1 (31. fxg5 hxg5 32. Qf3 f5 $16)) 29... Ba6 $16 30. Be2 (30. f4 {with more complications.} Bxf1 31. fxe5 Bb5 32. Qf3 Be8 33. Ne4) 30... Nc4 31. Bxc4 Bxc4 32. Re1 Rhd8 33. Rxd8 Rxd8 34. Qc2 Bb3 35. Qc1 a4 36. h3 Qc5 37. Kg1 Qc4 38. Nb1 Qd5 39. Qc3+ Kg6 40. e4 Qd6 41. Qe3 Qf4 42. Qb6 Qd6 43. Qa5 Rc8 44. e5 Qd3 45. Qb4 Kg7 46. Nc3 Qd2 47. Re2 Qc1+ 48. Kh2 Rc4 49. Qb7 Qf4+ (49... Qf1 $5 {[%cal Rc4c3]} 50. Rd2 Qe1 $11) 50. g3 Qf5 51. Qb6 Qd3 52. Qe3 Qxe3 53. Rxe3 $11 {[%mdl 4096] Endgame KRB-KRN} Rd4 54. Kg1 h5 {The position is equal.} 55. Re4 Rd2 56. Re2 Rd3 57. Re3 Rd8 58. f3 Rd2 59. Re2 Rd3 60. Kf2 Kg6 61. Ne4 Bd5 62. Re3 Bxe4 63. Rxe4 Rd2+ 64. Ke3 Rxb2 {[#] White must now prevent ...Rb3+.} 65. Rxa4 Kf5 66. g4+ Kxe5 {Accuracy: White = 58%, Black = 56%.} 1/2-1/2

[Event "49th Rilton Cup 2019-20"]
[Site "Stockholm"]
[Date "2020.01.04"]
[Round "8.11"]
[White "Kucuksari, Kaan"]
[Black "Ivanov, Sergey"]
[Result "1/2-1/2"]
[WhiteElo "2337"]
[BlackElo "2478"]
[Annotator "TA"]
[PlyCount "114"]
[EventDate "2019.12.27"]
[EventType "swiss"]
[EventCountry "SWE"]
[SourceTitle "playchess.com"]
[Source "ChessBase"]
[SourceQuality "1"]

{[%evp 12,114,15,18,29,24,14,15,59,-37,-32,-33,0,0,0,0,1,-24,-27,-41,-47,-45,-46,-47,-54,-81,-82,-66,-80,-66,-80,-99,0,0,38,22,24,0,47,45,34,33,91,14,41,35,31,34,66,78,64,68,77,85,69,63,75,67,65,62,61,0,0,0,32,42,47,0,0,0,0,0,0,0,0,0,0,0,0,0,0,0,0,0,0,0,0,0,0,0,0,0,0,0,0,0,0,0,0,0,0,0,0,0,0]} 1. d4 d5 2. Nf3 Nf6 3. c4 c6 4. Qb3 e6 5. Bg5 h6 6. Bxf6 Qxf6 7. Nbd2 dxc4 {D30: Queen's Gambit Declined: Systems without Nc3} 8. Nxc4 c5 9. e3 cxd4 10. exd4 $146 (10. Nce5 $14 a6 11. Rc1 (11. exd4 Bd6 $14)) ({Predecessor:} 10. Nce5 a6 11. exd4 Bd6 12. Bd3 O-O 13. O-O Nc6 14. Nxc6 bxc6 15. Rac1 Rb8 16. Qc2 Rd8 17. Qe2 c5 18. dxc5 {½-½ (18) Khenkin,I (2602)-Roiz,M (2659) Maalot-Tarshiha 2008}) 10... Nc6 $15 11. a3 Be7 12. Rd1 O-O 13. Be2 Rd8 14. Qe3 b6 $36 {[%mdl 2048] White is under pressure.} 15. b4 Bf8 16. Nfe5 Bb7 17. O-O Ne7 18. Ng4 Qh4 $1 19. Bf3 Nf5 20. Qf4 Bxf3 21. Qxf3 {[#]} h5 ({But not} 21... Nxd4 $6 {[#]} 22. Rxd4 $1 {[%mdl 512]} Rxd4 23. Nce5 $11) (21... Rac8 $1 $17 {[%cal Rc8c4]} 22. Nce5 f6) 22. Nge5 $11 f6 23. Nc6 Re8 24. Rfe1 Rac8 25. Ne3 Nxe3 26. Rxe3 a6 (26... a5 $14) 27. d5 (27. h3 $16) 27... Qg4 28. Qxg4 hxg4 29. Rde1 Rc7 30. Rxe6 Rxe6 31. Rxe6 $14 {[%mdl 4096] Endgame KRB-KRN} Rd7 32. Re8 Kf7 33. Rd8 Rxd8 34. Nxd8+ {KB-KN} Ke7 35. Ne6 {f3 is the strong threat.} g6 36. Kf1 ({White should play} 36. f3 $14 g3 37. hxg3 (37. Nxf8 Kxf8 38. hxg3 Ke7 $16)) 36... Bh6 $11 37. Ke2 Bc1 38. a4 Ba3 39. a5 {And now b5 would win.} bxa5 {The position is equal.} 40. bxa5 Kd6 41. Kd3 Bb4 42. Kc4 Bxa5 43. Nc5 {Black must now prevent Nb7+.} Bb6 44. Nxa6 Bxf2 45. Nb4 g5 46. Nd3 Bg1 47. h3 gxh3 48. gxh3 f5 49. Ne1 Bf2 50. Nf3 g4 51. hxg4 fxg4 52. Kd3 Kxd5 (52... gxf3 $5 53. Ke4 $8 Bh4 54. Kxf3 Kxd5 $11) 53. Ke2 Bc5 54. Nh2 g3 55. Kf3 gxh2 56. Kg2 Bd6 57. Kh1 Ke5 {Accuracy: White = 62%, Black = 56%.} 1/2-1/2